Das politische System Ungarns
| Titel: | Das politische System Ungarns / Melani Barlai, Florian Hartleb, Dániel Mikecz |
|---|---|
| Verfasser: | ; ; |
| Ausgabe: | 1. Auflage |
| Veröffentlicht: | Baden-Baden : Nomos, 2023 |
| Umfang: | 240 Seiten : Illustrationen, Diagramme ; 22.7 cm x 15.3 cm |
| Format: | Buch |
| Sprache: | Deutsch |
| Schriftenreihe/ mehrbändiges Werk: |
Studienkurs Politikwissenschaft |
| RVK-Notation: | |
| ISBN: | 9783848767472 ; 3848767473 ; 9783748908197 |
| Hinweise zum Inhalt: |
Inhaltstext
Inhaltsverzeichnis |
alg: 49754893 001A $00077:27-07-22 001B $00066:29-08-23 $t11:01:18.000 001D $00077:15-05-23 001U $0utf8 001X $00 002@ $0Aau 002C $aText $btxt $2rdacontent 002D $aohne Hilfsmittel zu benutzen $bn $2rdamedia 002E $aBand $bnc $2rdacarrier 003@ $0497548933 003O $01381930238 $aOCoLC 004A $A978-3-8487-6747-2 $fpaperback : EUR 22.00 (DE) 004A $03-8487-6747-3 004K $09783848767472 004O $A978-3-7489-0819-7 $So $f(ePDF) 006G $01261828925 006H $0TOCNEUA2325 $2DNB 006T $022,N28 006U $023,A26 $f20220705 007A $0BV048367508 $aBVB 009P $qtext/html $A2 $3Inhaltstext $uhttp://deposit.dnb.de/cgi-bin/dokserv?id=b81c5cb3c4e34559ba8c16f390d34f76&prov=M&dok_var=1&dok_ext=htm $mX:MVB 009P $qapplication/pdf $A2 $3Inhaltsverzeichnis $uhttps://d-nb.info/1261828925/04 $mB:DE-101 010@ $ager 010E $erda 011@ $a2023 $n2023 021A $aDas @politische System Ungarns $hMelani Barlai, Florian Hartleb, Dániel Mikecz 028A $BVerfasser $4aut $8Barlai, Melanie [Tnu] $9507762177 028C $BVerfasser $4aut $7129520292 $8Hartleb, Florian$Z1979- [Tp3] $9159836174 028C $BVerfasser $4aut $71246478048 $8Mikecz, Dániel$Z1981- [Tp3] $9488054214 032@ $a1. Auflage 033A $pBaden-Baden $nNomos 034D $a240 Seiten 034I $a22.7 cm x 15.3 cm 034M $aIllustrationen, Diagramme 036G $aStudienkurs Politikwissenschaft 037A $aLiteraturverzeichnis: Seite 207-232 037A $aLiteraturangaben 044K $RStaat $RStaatsform $RHerrschaftssystem $#Régimes politiques $#political systems $#Politisches System $#politisches System $#Politisches System $#Regierungssystem $#Regierungsform $#Regierungssystem $74046584-6 $8Politisches System [Ts1] $9085130036 044K $RÖsterreich-Ungarn $#Ungarn $#Ungarn $#Ungarische Räterepublik $#Königreich Ungarn $#Die @Länder der ungarischen Krone $#Transleithanien $#Magyarország $#Magyar Köztársaság $#Magyar Tanácsköztársaság $#Government of the Hungarian Republic $#Zemalja Ugarske Krune $#VNR $#Ungern $#Ungarische Republik $#Republik Ungarn $#Ungarische Volksrepublik $#Volksrepublik Ungarn $#Magyar Népköztársaság $#Hungary $#Hungarian Republic $#Hongrie $#Vengerskaja Narodnaja Respublika $#Hungarian People's Republic $#HPR Hungarian People's Republic $#République Populaire Hongroise $#Ungarische VR $#Republic of Hungary $#Vengrija $74078541-5 $8Ungarn [Tgz] $9085222712 045E $c320 045Z $8MG 98000 [Tkv] $941057208X lok: 49754893 11 exp: 49754893 11 1 #EPN 201B/01 $011-07-23 $t08:34:01.000 201C/01 $006-07-23 201U/01 $0utf8 203@/01 $01238935826 208@/01 $a11-07-23 $bz 209A/01 $a60 23 A 3124 $du $f100 $x00 209B/01 $a005/2307 $x05 209G/01 $a84512010 $x00 247C/01 $8620100-3 <43>Wiesbaden, Hochschul- und Landesbibliothek RheinMain, Rheinstraße $9102599572 lok: 49754893 21 exp: 49754893 21 1 #EPN 201B/01 $029-08-23 $t11:01:18.000 201C/01 $008-08-23 201U/01 $0utf8 203@/01 $01240880332 208@/01 $a29-08-23 $bz 209A/01 $a21 / MG 98000 B257 $du $f000 $hMG 98000 B257 $x00 209B/01 $a00021 $x05 209G/01 $a12609140 $x00 209G/01 $a1. OG $x01 247C/01 $8641000-5 <66/0>Fulda, Hochschul-, Landes- und Stadtbibliothek Fulda, Standort Campus $9102599580 lok: 49754893 24 exp: 49754893 24 1 #EPN 201B/01 $002-04-26 $t11:14:05.000 201C/01 $009-03-26 201U/01 $0utf8 203@/01 $01337302260 208@/01 $a09-03-26 $bz 209A/01 $aim Geschäftsgang-bar $da $f050 $x00 209G/01 $a74114814 $x00 220C/01 $abar 247C/01 $8358050-7Marburg, Bibliothek des Herder-Instituts Marburg $9102600961 lok: 49754893 25 101B $027-07-22 $t10:53:30.000 101C $027-07-22 101U $0utf8 145S/01 $a240zb exp: 49754893 25 1 #EPN 201B/01 $023-05-23 $t13:02:11.000 201C/01 $027-07-22 201U/01 $0utf8 203@/01 $0121040768X 208@/01 $a15-05-23 $bzu 209A/01 $a200 MG 98000 B257 $du $f003 $hMG 98000 B257 $x00 209G/01 $a18859640 $x00 209G/01 $aLESESAAL $x01 247C/01 $8101316-6 <77/003>Mainz, Universität Mainz, Zentralbibliothek, RVK-Aufstellung $9497684160 lok: 49754893 78 exp: 49754893 78 1 #EPN 201B/01 $031-10-23 $t15:37:39.000 201C/01 $031-10-23 201U/01 $0utf8 203@/01 $01245336398 208@/01 $a31-10-23 $be 209A/01 $a/ $f000 $x00 209A/01 $ab*p $x01 220C/01 $aeja 247C/01 $82080>Marburg/Lahn, Herder-Institut, Forschungsbibliothek, Bibliographieportal $9336309341 lok: 49754893 204 exp: 49754893 204 1 #EPN 201B/01 $014-07-23 $t09:33:22.000 201C/01 $004-07-23 201U/01 $0utf8 203@/01 $01238792634 208@/01 $a14-07-23 $bzb03 209A/01 $a009 MG 98000 B257 $du $f030 $x00 209G/01 $a64247751 $x00 245S/01 $a04023g00t $x01 247C/01 $8631030-8 <26/030>Gießen, Universität Gießen, Zweigbibliothek im Philosophikum II $9116079460 lok: 49754893 205 exp: 49754893 205 1 #EPN 201B/01 $014-08-23 $t09:34:23.000 201C/01 $019-08-22 201U/01 $0utf8 203@/01 $01212679032 208@/01 $a14-08-23 $bz 209A/01 $a001 MG 98000 B257 $db $f000 $x00 209C/01 $anel2308ma 209C/01 $a1 2023/06163 209G/01 $a58001066 $x00 247C/01 $8351000-1 <4>Marburg, Universität Marburg, Universitätsbibliothek $9102594767
| LEADER | 00000cam a2200000 c 4500 | ||
|---|---|---|---|
| 001 | 497548933 | ||
| 003 | DE-603 | ||
| 005 | 20230829110118.0 | ||
| 007 | tu | ||
| 008 | 220727s2023 xx |||| | u00||u|ger | ||
| 015 | |a 23,A26 |z 22,N28 |2 dnb | ||
| 016 | 7 | |2 DE-101 |a 1261828925 | |
| 020 | |a 9783848767472 |c paperback : EUR 22.00 (DE) | ||
| 020 | |a 3848767473 | ||
| 024 | 3 | |a 9783848767472 | |
| 035 | |a (DE-599)BVBBV048367508 | ||
| 035 | |a (OCoLC)1381930238 | ||
| 040 | |a DE-603 |b ger |c DE-603 |d DE-603 |e rda | ||
| 041 | |a ger | ||
| 084 | |a 320 |q DE-101 |2 sdnb | ||
| 084 | |a MG 98000 |0 (DE-625)122877:12034 |0 (DE-603)41057208X |2 rvk | ||
| 100 | 1 | |a Barlai, Melanie |e Verfasser |4 aut |0 (DE-603)507762177 | |
| 245 | 0 | 0 | |a Das politische System Ungarns |c Melani Barlai, Florian Hartleb, Dániel Mikecz |
| 250 | |a 1. Auflage | ||
| 264 | 1 | |a Baden-Baden |b Nomos |c 2023 | |
| 300 | |a 240 Seiten |b Illustrationen, Diagramme |c 22.7 cm x 15.3 cm | ||
| 336 | |a Text |b txt |2 rdacontent | ||
| 337 | |a ohne Hilfsmittel zu benutzen |b n |2 rdamedia | ||
| 338 | |a Band |b nc |2 rdacarrier | ||
| 490 | 0 | |a Studienkurs Politikwissenschaft | |
| 500 | |a Literaturverzeichnis: Seite 207-232 | ||
| 500 | |a Literaturangaben | ||
| 650 | 7 | |a Politisches System |0 (DE-588)4046584-6 |0 (DE-603)085130036 |2 gnd | |
| 651 | 7 | |a Ungarn |0 (DE-588)4078541-5 |0 (DE-603)085222712 |2 gnd | |
| 700 | 1 | |a Hartleb, Florian |d 1979- |e Verfasser |4 aut |0 (DE-603)159836174 |0 (DE-588)129520292 |2 gnd | |
| 700 | 1 | |a Mikecz, Dániel |d 1981- |e Verfasser |4 aut |0 (DE-603)488054214 |0 (DE-588)1246478048 |2 gnd | |
| 776 | 1 | |z 9783748908197 | |
| 856 | 4 | 2 | |m X:MVB |q text/html |u http://deposit.dnb.de/cgi-bin/dokserv?id=b81c5cb3c4e34559ba8c16f390d34f76&prov=M&dok_var=1&dok_ext=htm |3 Inhaltstext |
| 856 | 4 | 2 | |m B:DE-101 |q application/pdf |u https://d-nb.info/1261828925/04 |3 Inhaltsverzeichnis |
| 924 | 0 | |9 43 |a (DE-603)1238935826 |b DE-43 |c HES |d c |g 60 23 A 3124 | |
| 924 | 0 | |9 66/0 |a (DE-603)1240880332 |b DE-66-0 |c HES |d c |g 21 / MG 98000 B257 |h 1. OG | |
| 924 | 0 | |9 Mb 50 |a (DE-603)1337302260 |b DE-Mb50 |c HES |d d |g im Geschäftsgang-bar | |
| 924 | 0 | |9 77/003 |a (DE-603)121040768X |b DE-77-003 |c HES |d c |g 200 MG 98000 B257 |h LESESAAL | |
| 924 | 0 | |9 2080 |a (DE-603)1245336398 |b DE-2080 |c HES |d d |g / | |
| 924 | 0 | |9 26/030 |a (DE-603)1238792634 |b DE-26-030 |c HES |d c |g 009 MG 98000 B257 | |
| 924 | 0 | |9 4 |a (DE-603)1212679032 |b DE-4 |c HES |d c |g 001 MG 98000 B257 | |


